The race war.

Bibliographic Details
Main Author: Segal, Ronald, 1932-2008
Format: Book
Language:English
Published: New York : Viking Press, [1967]
Subjects:

MARC

Tag First Indicator Second Indicator Subfields
LEADER 00000cam a22000001 4500
001 in00000038187
005 20151007080900.0
008 740410c19671966nyu b 00000 eng
010 |a  67011266  
019 |a 263987 
035 |a (OCoLC)00225809 
035 |9 AAF5536AM 
040 |a DLC  |c DLC  |d TXA  |d UtOrBLW 
049 |a TXAM  |c [477966] 
050 1 0 |a HT1521  |b .S37 1967 
082 0 |a 301.44/7 
092 |a 301.447  |b S454r 
100 1 |a Segal, Ronald,  |d 1932-2008. 
245 1 4 |a The race war. 
264 1 |a New York :  |b Viking Press,  |c [1967] 
264 4 |c [©1966] 
300 |a 416 pages ;  |c 23 cm. 
336 |a text  |b txt  |2 rdacontent 
337 |a unmediated  |b n  |2 rdamedia 
338 |a volume  |b nc  |2 rdacarrier 
504 |a Bibliographical footnotes. 
650 0 |a Race relations. 
999 |a MARS 
999 f f |s 04d8e745-2a6e-3860-9561-5050941cc021  |i 4ac37dd4-dd18-3d3e-a7cb-6f12c065a1f8  |t 0 
952 f f |p ric  |a Texas A&M University  |b Rellis Campus  |c Joint Library Facility  |d Remote Storage  |t 0  |e HT1521 .S37 1967  |h Library of Congress classification  |i unmediated -- volume  |m A14800643368 
998 f f |a HT1521 .S37 1967  |t 0  |l Remote Storage